Responses for Show #6739 - Thursday, December 26, 2013

Jerry Slowik game 1.

Contestants

[<< previous game]

Geneviève LeClerc, a graduate student and sales manager from Lake Forest Park, Washington

Jerry Slowik, a writer from Arlington Heights, Illinois

Anthony Niblett, a law professor from Toronto, Ontario, Canada (whose 1-day cash winnings total $19,601)

[next game >>]

Jeopardy! Round responses

MARK TWAIN
"TOM" & "HUCK"
LIFE ON THE MISSISSIPPI
CELEBRATED JUMPING FROGS
THE PRINTS
THE PAUPER
    $200 6
equator

Anthony
    $200 1
huckleberry

Jerry
    $200 25
Cairo

Jerry
    $200 21
Kermit

Jerry
    $200 11
impression

Anthony
    $200 16
KFC

Anthony
    $400 7
Oxford

Jerry
    $400 2
tomahawk

Anthony
    $400 26
La Crosse

Jerry
    $400 22
the WB

Jerry
    $400 12
edition

Jerry
    $400 17
Oprah Winfrey

Jerry
    $3,000 8
A Connecticut Yankee in King Arthur's Court

Jerry
    $600 3
huckster

Jerry
    $600 23
Futurama

Jerry
    $600 13
linoleum

Jerry
    $600 18
(Stephen) King

Anthony
    $800 9
(Jerry: Who is Griffith?)

Thomas Edison

Jerry
Triple Stumper
    $800 4
tomcat

Jerry
    $800 29
[The end-of-round signal sounds.]

Vicksburg

Anthony
    $800 24
Frogger

Geneviève
    $800 14
(Genevieve: What is lithography?)

etching

JerryGeneviève
    $800 19
Venezuela

Jerry
    $1000 10
(Anthony: Who is Edward IV?)
(Genevieve: Who is Edward III?)

Edward VI

AnthonyGeneviève
Triple Stumper
    $1000 5
tomfoolery

Jerry
    $1000 28
(Anthony: What is Louisiana?)

Minnesota

Anthony
Triple Stumper
    $1000 27
(Jerry: Who is Henry Clay?)

Daniel Webster

Jerry
Triple Stumper
    $1000 15
(Alex: The figure of speech is a simile, and the word for duplication is a [*].)

facsimile

Triple Stumper
    $1000 20
(Andrew) Carnegie

Jerry

Scores at the first commercial break (after clue 15):

Anthony Jerry Geneviève
-$200 $7,000 -$1,800

Scores at the end of the Jeopardy! Round:

Anthony Jerry Geneviève
$400 $10,000 -$1,000

Double Jeopardy! Round responses

THE BEATITUDES
WHERE ARE "-U"?
(Alex: Each correct response will end with the letter U.)
THE RUSSIAN REVOLUTION
OPERA MOMS
BOXING DAY
THE ANTONYM OF...
    $400 26
heart

Triple Stumper
    $400 20
chateau

Jerry
    $400 1
Pravda

Jerry
    $400 10
The Magic Flute

Jerry
    $400 6
3 minutes

Anthony
    $400 15
infinite

Jerry
    $800 27
the meek

Geneviève
    $800 21
plateau

Anthony
    $800 2
Nicholas

Anthony
    $800 11
Madama Butterfly

Jerry
    $800 7
(Jerry: What is welterweight?)

light heavyweight

Jerry
Triple Stumper
    $800 16
unity

Jerry
    $1200 28
the merciful

Jerry
    $1200 22
in situ

Jerry
    $2,000 3
Trotsky

Anthony
    $1200 12
Medea

Jerry
    $1200 8
Queensberry Rules

Anthony
    $1200 17
feeble

Anthony
    $1600 29
the peacemakers

Jerry
    $1600 23
Malibu

Anthony
    $1600 4
John Reed

Triple Stumper
    $2,400 13
(Jerry: What is The Matchmaker?)

The Bartered Bride

Jerry
    $1600 9
(Anthony: What is fleaweight?)

flyweight

AnthonyJerry
    $1600 18
apathy

Jerry
    $2000 30
persecution

Triple Stumper
    $2000 25
Xanadu

Triple Stumper
    $2000 5
the Mensheviks

Anthony
    $2000 14
The Threepenny Opera

Triple Stumper
    $2000 24
Spinks

Triple Stumper
    $2000 19
opaque

Jerry

Scores at the end of the Double Jeopardy! Round:

Anthony Jerry Geneviève
$8,800 $20,400 -$200
(lock game)

[wagering suggestions for these scores]

Final Jeopardy! Round responses

TECH TERMS
AnthonyWhat is Nope, Sorry
$0
JerryWhat is malware?
$2,799
malware

Final scores:

Anthony Jerry Geneviève
$8,800 $23,199 -$200
2nd place: $2,000 New champion: $23,199 3rd place: $1,000

Game dynamics:

Coryat scores:

Anthony Jerry Geneviève
$8,000 $20,400 -$200
14 R
(including 1 DD),
3 W
30 R
(including 1 DD),
4 W
(including 1 DD)
2 R,
2 W

Combined Coryat: $28,200

[game clues] [game scores] [suggest correction]

Game tape date: 2013-10-08
The J! Archive is created by fans, for fans. Scraping, republication, monetization, and malicious use prohibited; this site may use cookies and collect identifying information. See terms. The Jeopardy! game show and all elements thereof, including but not limited to copyright and trademark thereto, are the property of Jeopardy Productions, Inc. and are protected under law. This website is not affiliated with, sponsored by, or operated by Jeopardy Productions, Inc. Join the discussion at JBoard.tv.